000 01019cam a22003255a 4500
001 16907427
003 OSt
005 20140407150402.0
008 110806s1991 nyu j 000 0 eng d
010 _a 2011468440
020 _a059044252X
035 _a(OCoLC)ocm25623889
040 _aEXR
_cEXR
_dZZC
_dSPP
_dOCL
_dBTCTA
_dBAKER
_dYDXCP
_dDLC
042 _alccopycat
050 0 0 _aPZ 7
_b.St818 1991
082 0 4 _a001.94
100 1 _aSteiger, Brad.
_925427
245 1 0 _aBeyond belief :
_bstrange, true mysteries of the unknown /
_cBrad Steiger.
260 _aNew York :
_bScholastic,
_c1991.
300 _a151 p. ;
_c17 cm.
521 _aG12
526 _c1230
650 0 _aCuriosities and wonders
_vJuvenile literature.
_925428
650 0 _aParapsychology
_vJuvenile literature.
_925429
710 2 _aCopyright Paperback Collection (Library of Congress)
_5DLC
_9705
906 _a0
_bibc
_ccopycat
_d2
_encip
_f20
_gy-genrareb
942 _2lcc
_cBK
999 _c33991
_d33991